<?xml version="1.0" encoding="UTF-8"?>
<record
    xmlns:xsi="http://www.w3.org/2001/XMLSchema-instance"
    xsi:schemaLocation="http://www.loc.gov/MARC21/slim http://www.loc.gov/standards/marcxml/schema/MARC21slim.xsd"
    xmlns="http://www.loc.gov/MARC21/slim">

  <leader>01414nam a2200289 a 4500</leader>
  <controlfield tag="001">6862</controlfield>
  <controlfield tag="003">BD-RjUL</controlfield>
  <controlfield tag="005">20211208234328.0</controlfield>
  <controlfield tag="008">160828m19601959enkac    b    001 0deng d</controlfield>
  <datafield tag="035" ind1=" " ind2=" ">
    <subfield code="a">(BD-RjUL)</subfield>
  </datafield>
  <datafield tag="040" ind1=" " ind2=" ">
    <subfield code="a">BD-RjUL</subfield>
    <subfield code="b">eng</subfield>
    <subfield code="c">BD-RjUL</subfield>
    <subfield code="d">BD-RjUL</subfield>
  </datafield>
  <datafield tag="041" ind1=" " ind2=" ">
    <subfield code="a">eng</subfield>
  </datafield>
  <datafield tag="082" ind1=" " ind2=" ">
    <subfield code="a">500</subfield>
    <subfield code="2">23</subfield>
    <subfield code="b">NEC 1960</subfield>
  </datafield>
  <datafield tag="100" ind1="1" ind2=" ">
    <subfield code="a">Newton, Isaac,</subfield>
    <subfield code="d">1642-1727.</subfield>
    <subfield code="9">21548</subfield>
  </datafield>
  <datafield tag="245" ind1="1" ind2="4">
    <subfield code="a">The correspondence of Isaac Newton /</subfield>
    <subfield code="c">Isaac Newton.</subfield>
  </datafield>
  <datafield tag="260" ind1=" " ind2=" ">
    <subfield code="a">Cambridge :</subfield>
    <subfield code="b">Published for the Royal Society at the [Cambridge] University Press,</subfield>
    <subfield code="c">1959-60</subfield>
  </datafield>
  <datafield tag="300" ind1=" " ind2=" ">
    <subfield code="a">7 v . :</subfield>
    <subfield code="b">ill. ;</subfield>
    <subfield code="c">29 cm.</subfield>
  </datafield>
  <datafield tag="504" ind1=" " ind2=" ">
    <subfield code="a">Includes bibliography and index.</subfield>
  </datafield>
  <datafield tag="505" ind1="0" ind2=" ">
    <subfield code="a">Vol. 1: 1661-1675; edited by H. W. Turnbull. 1959 / Vol.2: 1676-1687; edited by H. W. Turnbull. 1960 / Vol.3: 1688-1694; edited by H. W. Turnbull. 1961 / Vol. 4: 1694-1709; edited by J.F. Scott. 1967 / Vol. 5: 1709-1713; edited by Alfred Rupert Hall and Laura Tilling. 1975 / Vol. 6: 1713-1718; edited by Alfred Rupert Hall and Laura Tilling. 1976 / Vol. 7: 1718-1727; edited by Alfred Rupert Hall and Laura Tilling. 1977.</subfield>
  </datafield>
  <datafield tag="600" ind1="1" ind2="0">
    <subfield code="a">Newton, Isaac,</subfield>
    <subfield code="d">1642-1727.</subfield>
    <subfield code="9">151693</subfield>
  </datafield>
  <datafield tag="700" ind1="1" ind2=" ">
    <subfield code="a">Turnbull, H. W.</subfield>
    <subfield code="q">(Herbert Westren),</subfield>
    <subfield code="d">1885-1961.</subfield>
    <subfield code="9">21511</subfield>
  </datafield>
  <datafield tag="700" ind1="1" ind2=" ">
    <subfield code="a">Scott, J. F.</subfield>
    <subfield code="q">(Joseph Frederick)</subfield>
    <subfield code="9">21550</subfield>
  </datafield>
  <datafield tag="700" ind1="1" ind2=" ">
    <subfield code="a">Hall, A. Rupert</subfield>
    <subfield code="q">(Alfred Rupert),</subfield>
    <subfield code="d">1920-2009</subfield>
    <subfield code="9">21551</subfield>
  </datafield>
  <datafield tag="700" ind1="1" ind2=" ">
    <subfield code="a">Tilling, Laura.</subfield>
    <subfield code="9">21552</subfield>
  </datafield>
  <datafield tag="710" ind1="2" ind2=" ">
    <subfield code="a">Royal Society (Great Britain)</subfield>
    <subfield code="9">21553</subfield>
  </datafield>
  <datafield tag="942" ind1=" " ind2=" ">
    <subfield code="2">ddc</subfield>
    <subfield code="c">BK</subfield>
  </datafield>
  <datafield tag="999" ind1=" " ind2=" ">
    <subfield code="c">6862</subfield>
    <subfield code="d">6862</subfield>
  </datafield>
  <datafield tag="952" ind1=" " ind2=" ">
    <subfield code="0">0</subfield>
    <subfield code="1">0</subfield>
    <subfield code="2">ddc</subfield>
    <subfield code="4">0</subfield>
    <subfield code="7">1</subfield>
    <subfield code="8">NFIC</subfield>
    <subfield code="a">RUCL</subfield>
    <subfield code="b">RUCL</subfield>
    <subfield code="c">Reading</subfield>
    <subfield code="d">1969-12-27</subfield>
    <subfield code="e">Zeit</subfield>
    <subfield code="g">168.00</subfield>
    <subfield code="l">0</subfield>
    <subfield code="o">500 NEC V-1 1959</subfield>
    <subfield code="r">2014-01-12 00:00:00</subfield>
    <subfield code="t">C-1</subfield>
    <subfield code="w">2021-12-08</subfield>
    <subfield code="y">BK</subfield>
  </datafield>
  <datafield tag="952" ind1=" " ind2=" ">
    <subfield code="0">0</subfield>
    <subfield code="1">0</subfield>
    <subfield code="2">ddc</subfield>
    <subfield code="4">0</subfield>
    <subfield code="7">0</subfield>
    <subfield code="8">NFIC</subfield>
    <subfield code="a">RUCL</subfield>
    <subfield code="b">RUCL</subfield>
    <subfield code="c">Stack</subfield>
    <subfield code="d">1975-01-13</subfield>
    <subfield code="e">Jonathan ware and com. London</subfield>
    <subfield code="g">950.00</subfield>
    <subfield code="l">0</subfield>
    <subfield code="o">500 NEC V-1 1959</subfield>
    <subfield code="r">2016-08-28 00:00:00</subfield>
    <subfield code="t">C-3</subfield>
    <subfield code="w">2016-08-28</subfield>
    <subfield code="y">BK</subfield>
  </datafield>
  <datafield tag="952" ind1=" " ind2=" ">
    <subfield code="0">0</subfield>
    <subfield code="1">0</subfield>
    <subfield code="2">ddc</subfield>
    <subfield code="4">0</subfield>
    <subfield code="7">0</subfield>
    <subfield code="8">NFIC</subfield>
    <subfield code="a">RUCL</subfield>
    <subfield code="b">RUCL</subfield>
    <subfield code="c">Stack</subfield>
    <subfield code="d">1969-12-25</subfield>
    <subfield code="e">Zeit</subfield>
    <subfield code="g">168.00</subfield>
    <subfield code="l">0</subfield>
    <subfield code="o">500 NEC V-2 1960</subfield>
    <subfield code="r">2016-08-28 00:00:00</subfield>
    <subfield code="t">C-2</subfield>
    <subfield code="w">2016-08-28</subfield>
    <subfield code="y">BK</subfield>
  </datafield>
  <datafield tag="952" ind1=" " ind2=" ">
    <subfield code="0">0</subfield>
    <subfield code="1">0</subfield>
    <subfield code="2">ddc</subfield>
    <subfield code="4">0</subfield>
    <subfield code="7">0</subfield>
    <subfield code="8">NFIC</subfield>
    <subfield code="a">RUCL</subfield>
    <subfield code="b">RUCL</subfield>
    <subfield code="c">Stack</subfield>
    <subfield code="d">1969-12-25</subfield>
    <subfield code="e">Zeit</subfield>
    <subfield code="g">168.00</subfield>
    <subfield code="l">0</subfield>
    <subfield code="o">500 NEC V-3 1961</subfield>
    <subfield code="r">2016-08-28 00:00:00</subfield>
    <subfield code="t">C-2</subfield>
    <subfield code="w">2016-08-28</subfield>
    <subfield code="y">BK</subfield>
  </datafield>
  <datafield tag="952" ind1=" " ind2=" ">
    <subfield code="0">0</subfield>
    <subfield code="1">0</subfield>
    <subfield code="2">ddc</subfield>
    <subfield code="4">0</subfield>
    <subfield code="7">0</subfield>
    <subfield code="8">NFIC</subfield>
    <subfield code="a">RUCL</subfield>
    <subfield code="b">RUCL</subfield>
    <subfield code="c">Stack</subfield>
    <subfield code="d">1975-01-13</subfield>
    <subfield code="e">Jonathan ware and com. London</subfield>
    <subfield code="g">9.50</subfield>
    <subfield code="l">0</subfield>
    <subfield code="o">500 NEC V-2 1960</subfield>
    <subfield code="r">2016-09-19 00:00:00</subfield>
    <subfield code="t">C-3</subfield>
    <subfield code="w">2016-09-19</subfield>
    <subfield code="y">BK</subfield>
  </datafield>
  <datafield tag="952" ind1=" " ind2=" ">
    <subfield code="0">0</subfield>
    <subfield code="1">0</subfield>
    <subfield code="2">ddc</subfield>
    <subfield code="4">0</subfield>
    <subfield code="7">0</subfield>
    <subfield code="8">NFIC</subfield>
    <subfield code="a">RUCL</subfield>
    <subfield code="b">RUCL</subfield>
    <subfield code="c">Stack</subfield>
    <subfield code="d">1969-12-27</subfield>
    <subfield code="e">Zeit</subfield>
    <subfield code="g">2.31</subfield>
    <subfield code="l">0</subfield>
    <subfield code="o">500 NEC V-4 1967</subfield>
    <subfield code="r">2016-09-19 00:00:00</subfield>
    <subfield code="t">C-2</subfield>
    <subfield code="w">2016-09-19</subfield>
    <subfield code="y">BK</subfield>
  </datafield>
</record>
